<?xml version="1.0" encoding="UTF-8"?>
<marc:record xmlns:marc="http://www.loc.gov/MARC21/slim">
   <marc:leader>00000nam a2200000 a 4500</marc:leader>
   <marc:datafield ind1="1" ind2=" " tag="100">
      <marc:subfield code="a">Iles, Greg</marc:subfield>
      <marc:subfield code="4">aut</marc:subfield>
      <marc:subfield code="e">Verfasser/-in</marc:subfield>
   </marc:datafield>
   <marc:datafield ind1="0" ind2="0" tag="245">
      <marc:subfield code="a">Die Toten von Natchez</marc:subfield>
   </marc:datafield>
   <marc:datafield ind1="0" ind2="0" tag="245">
      <marc:subfield code="b">Thriller</marc:subfield>
   </marc:datafield>
   <marc:datafield ind1="0" ind2="0" tag="245">
      <marc:subfield code="c">Iles, Greg</marc:subfield>
   </marc:datafield>
   <marc:datafield ind1=" " ind2="1" tag="264">
      <marc:subfield code="a">Berlin</marc:subfield>
      <marc:subfield code="b">Rütten &amp; Loening</marc:subfield>
      <marc:subfield code="c">2016</marc:subfield>
   </marc:datafield>
   <marc:datafield ind1="1" ind2=" " tag="520">
      <marc:subfield code="a">Penn Cage, der Bürgermeister von Natchez, Mississippi, und seine Verlobte, die Chefredakteurin Caitlin Masters, sind einem Anschlag entkommen, hinter dem die Doppeladler stecken, eine rassistische Organisation, die seit den sechziger Jahren ihr Unwesen treibt. Aber die Gefahr ist keineswegs beseitigt. Forrest Knox, ausgerechnet der Chef der State Police, ist der wahre Kopf der Doppeladler. Er will verhindern, dass Penn Beweise vorbringt, welche Morde die Doppeladler begangen haben. Doch Penn hat eine Spur, um die Toten zu finden. Sie führt in die Sümpfe des Mississippi River, zu einem geheimnisvollen Ort, an dem ein ganz besonderer Baum steht.</marc:subfield>
   </marc:datafield>
   <marc:datafield ind1=" " ind2=" " tag="020">
      <marc:subfield code="a">9783352006654</marc:subfield>
      <marc:subfield code="9">9783352006654</marc:subfield>
   </marc:datafield>
   <marc:datafield ind1=" " ind2=" " tag="020">
      <marc:subfield code="a">3352006652</marc:subfield>
      <marc:subfield code="9">3352006652</marc:subfield>
   </marc:datafield>
   <marc:datafield ind1=" " ind2=" " tag="041">
      <marc:subfield code="a">ger</marc:subfield>
   </marc:datafield>
   <marc:datafield ind1=" " ind2=" " tag="300">
      <marc:subfield code="a">1006 S.</marc:subfield>
   </marc:datafield>
</marc:record>
